Projective planes

Saved in:
Bibliographic Details
Main Authors: Hughes, D. R. (Daniel R.), Piper, F. C. (Frederick Charles), 1940- (Author)
Format: Book
Language:English
Published: New York : Springer-Verlag, [1973], 1982.
Edition:2η εκδ.
Series:Graduate texts in mathematics ; 6
Subjects:
Tags: Add Tag
No Tags, Be the first to tag this record!

MARC

LEADER 00000cam a2200000 i 4500
001 1/29905
008 941103s19731982nyu| ||| |||| ||eng||
020 |a 0387900438 
035 |l 10038435 
035 |a 1987 
040 |a GR-MyUA  |b gre  |e AACR2 
041 0 |a eng 
082 0 |a 516.5  
100 1 |a Hughes, D. R.   |q (Daniel R.) 
245 1 0 |a Projective planes /   |c [by] D. R. Hughes [and] F. C. Piper.  
250 |a  2η εκδ.  
260 |a New York :   |b Springer-Verlag,   |c [1973], 1982.  
300 |a x, 291 σ. :   |b εικ. ;   |c 24 εκ.  
490 1 |a (Graduate texts in mathematics   |v ; 6)  
504 |a Περιέχει βιβλιογραφικές αναφορές.  
650 0 0 |a Geometry, Projective. 
650 0 0 |a Rings (Algebra) 
700 1 |a Piper, F. C.   |q (Frederick Charles),   |d 1940-  |e aut 
830 0 |a Graduate texts in mathematics ;  |v  6 
852 |a INST  |b SAMOS  |e 19941103  |h 516.5 HUG  |p 005300001175  |q 005300001175  |t BK  |y 0 
909 |a Σ  |b 007497